Confluencias entre Oriente y Europa.

Guardado en:
Formato: Deslizar
Series:Confluencias
Materias:
Etiquetas: Agregar Etiqueta
Sin Etiquetas, Sea el primero en etiquetar este registro!
LEADER 01038ngm a22002895g 4500
001 CEM.cems021772
008 130507b1993##################0###0#####d
005 20240909182327.0
245 0 0 |a Confluencias entre Oriente y Europa. 
300 |a 27 
490 0 |a Confluencias 
500 |a En soporte VHS, consultar en ventanilla. 
505 0 |a Los árabes en España. Rechazo del Islam. Florecimiento cultural. Córdoba. Las ciencias. Navegación. Medicina y farmacia. El relativismo cultural. Sincretismo estético. El flamenco. La Alhambra. Cuarteles de las cruzadas, etc. 
538 |a Soporte: VHS - Norma: Pal N - Color - Grabación DRD 1993 - Hitachi=4294 
082 9 3 |/ HUE 
653 |a ETNOLOGIA 
653 |a HISTORIA 
653 |a ANTIGUEDAD 
653 |a CULTURAS 
653 |a ISLAMISMO 
653 |a HISTORIA ANTIGUA 
653 |a ARABES 
653 |a CRUZADAS 
653 |a ALHAMBRA 
653 |a NIVEL PRIMARIO 
653 |a NIVEL SECUNDARIO 
859 |a CEMS  |b BIB. CEMS - Depto. Recursos Didacticos  |h 930  |i HUE  |k DRD  |p 415.12  |t Ej.1